Poznatky získané z analýzy výrobkov z produkcie k.p. Tesla Piešťany

Bibliographic Details
Main Author: Horváth, Peter (Author)
Format: Article
Language:Slovak
PhysicalDescription:Obr. 6.
Subjects:

MARC

LEADER 00000nab a2200000 a 4500
001 vtls000355541
003 SK-MaSNL
005 20260304022244.0
008 111202c1988 xo 0 slo
015 |a SNBRA19rr/mm-uuuuu 
035 |a CL0355663 
040 |a SNKBUCL  |b slo  |c SNKBUCL  |e AACR2 
041 0 |a slo 
044 |a xo  |c SK 
080 |a 621.38:519.248  |2 1981 
080 |a 519.248  |2 1981 
100 1 |a Horváth, Peter  |4 aut 
245 1 0 |a Poznatky získané z analýzy výrobkov z produkcie k.p. Tesla Piešťany  |c Peter Horváth 
300 |b Obr. 6. 
650 0 7 |a elektronika  |2 snkbucl  |9 3618 
650 0 7 |a kvalita výrobkov  |2 snkbucl  |9 30963 
650 0 7 |a spoľahlivosť výrobkov  |2 snkbucl  |9 375543 
650 0 7 |a Tesla, k.p., Piešťany  |2 snkbucl  |9 923888 
655 7 |a články zo zborníkov  |2 snkbucl  |9 166140 
773 0 |t Prevádzková spoľahlivosť výrobkov  |d Bratislava : Dom techniky ČSVTS, 1988  |g S. 33-36 
850 |a Slovenská národná knižnica v Martine  |a MTA001 
852 |a SNK  |b KIS3GCP 
958 |a RK 
992 |a RZB 
999 |c 2610366  |d 2612296